000 00486nam a2200181Ia 4500
001 11646
003 GE_BSU
008 181216s||||||||xx |||||||||||||| ||und||
020 _a4620002390013
040 _cGE_BSU
245 _aВокруг света №9 2014.
245 _bжурнал русского географического общества
260 _aМосква
260 _c2014
300 _a188стр.27см.
653 _aВокруг света
942 _cCR
999 _c44832
_d44832